Loading...
Philosophy | 0 | 2 | 0 | 2 | 20 | 126 | 126.00 | 0 | 0 |
Geography/Current Events | 0 | 2 | 0 | 0 | 20 | 48 | 48.00 | 2 | 2 |
Mythology | 0 | 2 | 0 | 0 | 20 | 119 | 119.00 | 0 | 0 |
Fine Arts - Classical Music | 0 | 2 | 0 | 0 | 20 | 99 | 116.50 | 0 | 0 |
Other Academic | 0 | 1 | 0 | 0 | 10 | 93 | 93.00 | 0 | 1 |
Social Science | 0 | 1 | 0 | 0 | 10 | 86 | 86.00 | 0 | 1 |
History - American History | 0 | 1 | 0 | 0 | 10 | 63 | 63.00 | 0 | 0 |
Literature - American Literature | 0 | 1 | 0 | 0 | 10 | 50 | 50.00 | 1 | 1 |
Literature - World/Other Literature | 0 | 1 | 0 | 0 | 10 | 71 | 71.00 | 0 | 1 |
Science - Other Science | 0 | 1 | 0 | 0 | 10 | 97 | 97.00 | 0 | 1 |
Fine Arts - Other Fine Arts | 0 | 0 | 0 | 0 | 0 | 0.00 | 0 | 0 | |
Fine Arts - Visual Fine Arts | 0 | 0 | 1 | 0 | -5 | 0.00 | 0 | 0 |